| 000 | 01304nam0a2200385 4500 | ||
|---|---|---|---|
| 001 | RU\NLR\bibl\120136 | ||
| 005 | 20250617100337.0 | ||
| 010 |
_a5-7657-0079-9 _911000 |
||
| 021 |
_aRU _b2000-30784 _91443 |
||
| 035 | _a(NLR Aleph) 000117647 | ||
| 090 |
_a669109 _c669109 |
||
| 100 | _a20001012d2000 |||y0rusy50 ca | ||
| 101 | 0 | _arus | |
| 102 | _aRU | ||
| 105 | _ay ||||||||| | ||
| 200 | 1 |
_aПицца _eБлюда итал. кухни |
|
| 210 |
_aМ. _cЦитадель _d2000 |
||
| 215 |
_a189,[2] с. _d20 |
||
| 225 | 1 | _aДля вас | |
| 606 | 0 |
_aПицца _xРецептура _91991610 _3RU\NLR\auth\66914420 |
|
| 606 | 0 |
_aКулинарное производство _xИтальянская кухня _xИстория _91216179 _3RU\NLR\auth\66494278 |
|
| 606 | 0 |
_aИтальянская кухня _92100450 _3RU\NLR\auth\661270383 |
|
| 610 | 0 | _aНациональные блюда итальянские | |
| 610 | 0 | _aПицца - Рецептура | |
| 675 |
_a641.568(=131.1)(083.12) _v3 _zrus |
||
| 686 |
_a36.996 _2rubbk |
||
| 686 | _aЛ869 | ||
| 686 | _aЛ997(3)Итальянская | ||
| 801 | 0 |
_aRU _bRKP _c20001012 _gPSBO |
|
| 801 | 1 |
_aRU _bRKP _c20001012 |
|
| 801 | 2 |
_aRU _bNLR _c20010109 _grcr |
|
| 852 |
_aNLR _j2000-3/14575 |
||
| 942 | _cBOOK | ||
| 980 | _aNB | ||